000 00596nam a2200253Ia 4500
005 20260121153914.0
008 008 260114s9999 xx 000 0 eng d
020 _a9781351053372
037 _aEBOOK
040 _aCRL
040 _beng
040 _cCRL
041 _2eng
041 _aeng
084 _qCRL
100 _a Jean McNiff
_91000600
245 0 _aRepresentations of the Academic
260 _bTaylor and Francis
260 _c2023
856 _uhttp://www.taylorfrancis.com/books/9781351053372
942 _cEBOOK
999 _c1567421
_d1567421